Model Tax Convention on Income and on Capital Condensed Version

Enregistré dans:
Détails bibliographiques
Format: Livre
Langue:anglais
Publié: Paris OECD 2017
Sujets:
Tags: Ajouter un tag
Pas de tags, Soyez le premier à ajouter un tag!

MARC

LEADER 00000nam$a2200000$$$4500
001 0241593
005 20240314123158.9
020 |a 978-92-64-28794-5 
022 |a 2074-3246 
041 0 |a eng 
044 |a FR 
245 1 0 |a Model Tax Convention on Income and on Capital  |b Condensed Version 
264 1 |a Paris  |b OECD  |c 2017 
300 |a 654 s. 
610 2 0 |a dane 
610 2 0 |a politika daňová 
610 2 0 |a systémy daňové 
610 2 0 |a dane z príjmov 
610 2 0 |a kapitál